00585nam a22001691 450000500170000001000170001702000240003403500170005803700270007508200110010210000180011324501050013126000470023627000690028330000310035265000320038320110401125037.0 aB-425080-081 a8173052220c1800.00 a B-425080-81 bResearchco Book Centre a954.161 aStephen, Carr14aThe archaelogy and monumental remains of Delhi /cby Carr Stephen with an introduction by B.M. Pande aNew DelhibAryan Books Internationalc2002 aPooja Apartments, 4B, Ansari Road, DaryaganjbNew Delhi e110002 axv, 189 p.bill.c29cm(Hb) 0aArchitecturezIndiazDelhi.